000 01065nam a2200313 a 4500
001 000115854
003 CHAP
005 20220329144551.0
008 190716s2017 mx |r| ||||||spa d
010 _a112315
011 _a113287
020 _a9786078501342
040 _cCHAP
082 0 4 _a363.8560972
_bD53
245 0 0 _aDiálogos temáticos sobre desarrollo rural sustentable y soberanía alimentaria /
_cpor Rocky Alvarado Hernández ...[et al.].
260 _aMéxico, D. F. :
_bCamara de Diputados LXIII Legislatura,
_c2017.
300 _a203 p.
590 _aBATCH-UPD
_b05
_c20190716
_lUCH01
_h1024
590 _aE11695DGD
_b10
_c20190718
_lUCH01
_h1218
590 _aE5765TAJ
_b05
_c20190716
_lUCH01
_h1023
650 _aSoberanía alimentaria
_zMéxico
_9136473
650 1 4 _aAlimentos
_xAbastecimiento
_xMéxico.
_94132
650 1 4 _aDesarrollo sustentable
_xMéxico.
_932090
650 1 4 _aSoberania alimentaria
_xProgramas de desarrollo.
_9132988
700 1 _aAlvarado Hernández, Rocky.
_9136472
901 _aBK
942 _cLIBRO
942 _n0
999 _c112315
_d112315